|
000
|
00844oam2 2200277 450
|
|
001
|
0652031703
|
|
005
|
20061009112306.32
|
|
010
|
|
@a7-80698-345-7@dCNY19.80
|
|
100
|
|
@a20060603d2004 em y0chiy0121 ea
|
|
101
|
0
|
@achi
|
|
102
|
|
@aCN@b220000
|
|
105
|
|
@ay z 000fy
|
|
200
|
1
|
@a向你挑战@Axiang ni tiao zhan@9xiang ni tiao zhan@f堵军主编
|
|
210
|
|
@a延吉@c延边人民出版社@d2004
|
|
215
|
|
@a120页@d21cm
|
|
225
|
2
|
@a人生成长奠基石丛书
|
|
330
|
|
@a共收入“林肯的推测”、“液体的威力”、“爱因斯坦做过的算题”、“照片上的证据”等古今中外的推理故事100篇,并附有答案。
|
|
461
|
0
|
@12001 @a人生成长奠基石丛书
|
|
606
|
0
|
@a故事
|
|
606
|
0
|
@a故事@y世界@j选集
|
|
606
|
0
|
@a小说@x作品集@x世界
|
|
690
|
|
@aI14@v4
|
|
690
|
|
@aI14@v3
|
|
701
|
0
|
@a堵军@9du jun@4主编
|
|
801
|
0
|
@aCN@bCTBM@c20061009
|
|
905
|
|
@a10447@dI14@e1329
|
|
|
|
|
| |
| 向你挑战/堵军主编.-延吉:延边人民出版社,2004 |
| 120页;21cm.-(人生成长奠基石丛书) |
| |
| |
| ISBN 7-80698-345-7:CNY19.80 |
| 共收入“林肯的推测”、“液体的威力”、“爱因斯坦做过的算题”、“照片上的证据”等古今中外的推理故事100篇,并附有答案。 |
| ● |
正题名:向你挑战
索取号:I14/1329
 
预约/预借
| 序号
|
登录号
|
条形码
|
馆藏地/架位号
|
状态
|
备注
|
|
1
|
17092
|
200170929
|
海科密-1楼/60架12列1层/
[索取号:I14/1329]
|
在馆
|
|
|
2
|
17093
|
200170938
|
海科密-1楼/60架12列1层/
[索取号:I14/1329]
|
在馆
|
|
|
3
|
17094
|
200170947
|
海科密-1楼/60架12列1层/
[索取号:I14/1329]
|
在馆
|
|
|
4
|
17095
|
200170956
|
海科密-1楼/60架12列1层/
[索取号:I14/1329]
|
在馆
|
|
|
5
|
17096
|
200170965
|
海科密-1楼/60架12列1层/
[索取号:I14/1329]
|
在馆
|
|